<?xml version="1.0" encoding="UTF-8"?>
<record
    xmlns:xsi="http://www.w3.org/2001/XMLSchema-instance"
    xsi:schemaLocation="http://www.loc.gov/MARC21/slim http://www.loc.gov/standards/marcxml/schema/MARC21slim.xsd"
    xmlns="http://www.loc.gov/MARC21/slim">

  <leader>00564nam a22001817a 4500</leader>
  <datafield tag="999" ind1=" " ind2=" ">
    <subfield code="c">192287</subfield>
    <subfield code="d">192287</subfield>
  </datafield>
  <controlfield tag="005">20220916150906.0</controlfield>
  <datafield tag="010" ind1=" " ind2=" ">
    <subfield code="a">ENG-135097</subfield>
  </datafield>
  <datafield tag="020" ind1=" " ind2=" ">
    <subfield code="a">9788186101616</subfield>
    <subfield code="c">199.00</subfield>
  </datafield>
  <datafield tag="035" ind1=" " ind2=" ">
    <subfield code="a">EN-118629</subfield>
  </datafield>
  <datafield tag="037" ind1=" " ind2=" ">
    <subfield code="b">DBAD/PUB</subfield>
  </datafield>
  <datafield tag="082" ind1=" " ind2=" ">
    <subfield code="a">954.035092</subfield>
  </datafield>
  <datafield tag="100" ind1=" " ind2=" ">
    <subfield code="a">Pandey Rakesh</subfield>
  </datafield>
  <datafield tag="245" ind1=" " ind2=" ">
    <subfield code="a">The Making Of Malaviya/</subfield>
    <subfield code="c">by Rakesh Pandey</subfield>
  </datafield>
  <datafield tag="260" ind1=" " ind2=" ">
    <subfield code="a">Varanasi</subfield>
    <subfield code="b">Kishor Vidya Niketan</subfield>
    <subfield code="c">2010</subfield>
  </datafield>
  <datafield tag="270" ind1=" " ind2=" ">
    <subfield code="a">B-2/236 A-1,Bhadaini,</subfield>
    <subfield code="b">Varanasi</subfield>
    <subfield code="e">1</subfield>
    <subfield code="k">919415996512,915422314392</subfield>
    <subfield code="m">kishorwin@yahoo.com</subfield>
  </datafield>
  <datafield tag="300" ind1=" " ind2=" ">
    <subfield code="a">304p.</subfield>
    <subfield code="c">28cm(pbk)</subfield>
  </datafield>
  <datafield tag="942" ind1=" " ind2=" ">
    <subfield code="2">ddc</subfield>
    <subfield code="c">EN</subfield>
    <subfield code="h">954.035092</subfield>
    <subfield code="m">PAN</subfield>
  </datafield>
  <datafield tag="952" ind1=" " ind2=" ">
    <subfield code="0">0</subfield>
    <subfield code="1">0</subfield>
    <subfield code="4">0</subfield>
    <subfield code="7">0</subfield>
    <subfield code="8">NFIC</subfield>
    <subfield code="a">DBAD</subfield>
    <subfield code="b">M</subfield>
    <subfield code="d">2022-09-16</subfield>
    <subfield code="e">DBAD/PUB</subfield>
    <subfield code="g">1000.00</subfield>
    <subfield code="l">0</subfield>
    <subfield code="o">954.035092 PAN</subfield>
    <subfield code="p">EN-118629</subfield>
    <subfield code="r">2022-09-16 00:00:00</subfield>
    <subfield code="t">1</subfield>
    <subfield code="v">1000.00</subfield>
    <subfield code="w">2022-09-16</subfield>
    <subfield code="y">EN</subfield>
  </datafield>
</record>
